| Record ID | ia:androidappl00appl |
| Source | Internet Archive |
| Download MARC XML | https://archive.org/download/androidappl00appl/androidappl00appl_marc.xml |
| Download MARC binary | https://www.archive.org/download/androidappl00appl/androidappl00appl_meta.mrc |
LEADER: 01431cam 2200361Ia 4500
001 ocm37525406
003 OCoLC
005 20100720132420.0
008 970825s1997 nyu j 000 1 eng d
040 $aDOC$cDOC$dSLC$dOCL$dBAKER$dBTCTA$dNZROD$dYDXCP$dGRR$dC#L
020 $a0590997300 (pbk.) :$c$3.99
020 $a9780590997300 (pbk.)
035 $a(OCoLC)37525406
050 4 $aPZ7.A6485$bAnd 1997x
082 04 $a813.54$221
100 1 $aApplegate, Katherine.
245 14 $aThe android /$cK.A. Applegate.
260 $aNew York :$bScholastic,$cc1997.
300 $a170 p. ;$c20 cm.
440 0 $aAnimorphs ;$v10
500 $a"An Apple paperback."
520 $aFinding an ally in the android Erek King, the Animorphs come to appreciate his nonviolent nature and seek to collect the vital information he has before they lose their fight against the evil Yeerks.
650 1 $aMetamorphosis$vFiction.
650 0 $aFantasy fiction$vJuvenile fiction.
938 $aBaker & Taylor$bBKTY$c4.99$d3.99$i0590997300$n0003198678$sactive
938 $aBaker and Taylor$bBTCP$nbl 99790898
938 $aYBP Library Services$bYANK$n1472875
952 $a37525406$zDOC$bDOWNEY CITY LIBR$hFull OCLC member$iLCC$kDDC$nSummary$u20090925
952 $a132665331$zJTC$bSHASTA PUB LIBR$hFull$u20100628
029 1 $aNZ1$b4506502
029 1 $aAU@$b000013564153
994 $aZ0$bPMR
948 $hNO HOLDINGS IN PMR - 1234 OTHER HOLDINGS